El alma de Rusia /

Guardado en:
Detalles Bibliográficos
Autor principal: Berdiaeff, Nicolás (autor)
Formato: Libro
Idioma:Español
Colección:(Cuadernos de Filosofía ; 26)
Temas:
Etiquetas: Agrega una etiqueta
Sin etiquetas, Sé el primero en etiquetar este registro!

MARC

LEADER 00000nam^a2200000^a^4500
001 000188001
005 20250521000000.0
009 20260310102321.316
037 |a Acervo ITESO - Biblioteca 
041 |a ESP 
082 |a 306. 40947  |b BER 
100 |a Berdiaeff, Nicolás  |e (autor) 
245 1 3 |a El alma de Rusia /  |c N. Berdiaeff ; pról., notas y tr. por Svetlana Vasílieva. 
264 |a México :  |b Universidad Iberoamericana, Plantel Santa Fe,  |c 1995 
300 |a 41 p. 
336 |a texto  |b txt  |2 rdacontenido 
337 |a sin mediación  |b n  |2 rdamedio 
338 |a volumen  |b nc  |2 rdasoporte 
440 1 |a (Cuadernos de Filosofía ;  |v 26) 
649 |a XX 
650 |a Identidad Cultural -  |z Rusia 
650 |a Identidad Nacional -  |z Rusia 
650 |a Nacionalismo -  |z Rusia 
650 |a Poder Político -  |z Rusia 
650 |a Socialismo -  |z Rusia 
650 |a Política -  |z Rusia -  |x Historia -  |y Nicolás II, 1894-1917 
650 |a Política -  |z Rusia -  |x Historia -  |y Siglo XX 
650 |a Filosofía Política 
650 |a Sociología de la Cultura 
650 |a Rusia -  |x Condiciones Sociales y Culturales 
650 |a Rusia -  |x Condiciones Políticas 
910 |a Fondo General 
920 |a Impresos - Libros 
930 |a Colección General 
905 |a 101 
901 |a 0500130409  |b IT1  |c ACC  |u 20250521 
902 |a https://opac.biblio.iteso.mx/vufind/Record/000188001